| 000 | 00963cam a2200265 a 4500 | ||
|---|---|---|---|
| 001 | 13512443 | ||
| 003 | OSt | ||
| 005 | 20231227160753.0 | ||
| 008 | 040305s2004 enk b 001 0 eng | ||
| 010 | _a 2004045733 | ||
| 020 | _a052159135X | ||
| 020 | _a9780521591355 | ||
| 040 |
_aDLC _cDLC _dDLC |
||
| 050 | 0 | 0 |
_aPR3072 _b.S35 2004 |
| 082 | 0 | 0 |
_a822.33 _bWEL/S |
| 245 | 0 | 0 |
_aShakespeare survey : an annual survey of Shakespearian study & production : 50 _cedited by Stanley Wells _bShakespeare and language / |
| 260 |
_aCambridge, U.K. ; _aNew York : _bCambridge University Press, _c1997. |
||
| 300 | _a300 p. ; | ||
| 504 | _aIncludes bibliographical references and index. | ||
| 600 | 1 | 0 |
_aShakespeare, William, _d1564-1616 _vAdaptations _xLanguage. _974 |
| 650 | 0 |
_aEnglish language _yEarly modern, 1500-1700. |
|
| 700 |
_aWells, Stanley _95690 |
||
| 730 | 0 | _aShakespeare survey. | |
| 942 |
_2ddc _cBK _h822.33 _iWEL/S _k822.33 _mWEL/S |
||
| 999 |
_c42137 _d42137 |
||